000 00311nam a2200121Ia 4500
008 240624s9999 xx 000 0 und d
041 _aeng
082 _a658.408 PRA
100 _aPRASAD KESHO
245 _aCORPORATE GOVERNANCE
260 _c2006
_aNew Delhi
_bPrentice Hall India
300 _a244 : p. : cm. ; 24
999 _c13319
_d13319